=LDR 00000nam 2200000 4500 =001 NUTBA000000000005566 =005 20141103143041.0 =006 =007 =008 =020 ##$$a 978-979-092-722-2 =035 ##$$a 0010-111400000000045 =040 ##$$a NBPDMAT =082 ##$$a 372.5 =090 ##$$a 372.5 $b Ari l =100 ##$$a Ari Rahmat =245 ##$$aLKS Utama Seni Budaya dan Keerampilan untuk SD kelas 4 semeser 1/ $c Ari Rahmawati =250 ##$$a Cet.1 =260 ##$$a Jakarta : $b Pustaka Widya Utama, $c 2010 =300 ##$$a80 hlm. : $b ilus. ; $c 29 cm. =650 ##$$a Seni dan Keterampilan - SD =850 ##$$a NBPDMAT